01443nam a2200241Ia 450000500170000000800410001704000440005804100080010208200150011010000410012524501390016626001270030530000380043249000290047050003860049950501320088550600220101754600430103965000230108265000270110565100320113270000370116420240604111751.0130821s1943 ec a fr spa  aCo-BoUCMbspacSandra YazodSandra Yazo0 aspa04a262.122201 aVillarroel, Gaspar dedca. 1587-166510aGobierno Eclesiástico pacífico.b1656. Selecciones.cGaspar de Villarroel ; Prólogo y selección del Sr. D. Gonzalo Zaldumbide. aQuito (Ecuador)bEdiciones de la Comisión de Propaganda Cultural del Ecuador ; Imprenta del Ministerio de Gobiernoc1943 axxxiii, 304 páginas.c23 x17 cm0 aClasicos ecuatorianosx1 aDetalles físicos: Encuadernación rústica en cartulina. Lomo y tapas impresos con datos de la obra. Hoja de cortesía. Anteportada. Portada impresa en una sola tinta. Texto impreso en una sola columna, con diferentes tipos y tamaños de letras. Notas de pie de página. Índice al final. Varias páginas sin refilar y en varios tamaños, tapas sucias y bordes doblados. 0 aNota sobre Fray Gaspar de Villarroel ; Selección de textos de los Tomos I y II de su obra Gobierno Eclesiástico-Pacífico. aConsulta en sala. aMuchas citas y referencias en latín. 7aDerecho canónico 7aDerecho eclesiástico 7aObisposxDerecho canónico1 aZaldumbide, Gonzalo,d1885-1965